Name the CONTROL Agent Quiz Stats

 Plays Quiz not verified by Sporcle

Also try: Scrubs Characters
Challenge
Share
Tweet
Embed
Score 0/27 Timer 05:00
0 Plays Today
% Correct
Hymie
91.2%
99
91.1%
86
91%
K-13
87.1%
Larabee
75.5%
43
69.6%
13
65.7%
Dr. Steele
62.7%
Q
61.8%
Charlie Watkins
59.4%
Wu Fong
47.2%
Herb Gaffer
45.9%
Dr. Bascomb
44.6%
Rosa LaCosta
44.4%
% Correct
The Admiral
43.9%
Dimitri
41.9%
Chuck Armstrong
41.3%
Joe Freebish (Agent 63)
40.8%
Dr. Waldo Smith
39.9%
Wailing Wanda
38.6%
Rosencrantz
38.2%
Tiger Schlermer
37.7%
44
35.2%
Lin Chan
35.2%
Lundy
33.9%
47
14.9%
42
11%

You're not logged in!

Compare scores with friends on all Sporcle quizzes.
OR
Log In

You Might Also Like...

Show Comments

Extras

Top Quizzes Today


Score Distribution

Your Account Isn't Verified!

In order to create a playlist on Sporcle, you need to verify the email address you used during registration. Go to your Sporcle Settings to finish the process.

Report this User

Report this user for behavior that violates our Community Guidelines.

Details: